Leasingové financovanie dlhodobého majetku v procese makroekonomických štrukturálnych zmien po vstupe SR do EÚ záverečné hodnotenie interného grantu č. 300016/06 : doba riešenia 1/2006 - 12/2007

Saved in:
Bibliographic Details
Main Author: Gazdagová, Eva, 1957-
Other Authors: Bobáková, Viktória, Simonidesová, Jana, 1968-, Mačejová, Svetlana, Zoričáková, Viera, 1960-, Kostková, Albína, 1951-, Polončák, Milan, Šrámeková, Božena, Karchová, Magdaléna, 1981-
Format: Book
Language:Slovak
Published: Košice 2008
Tags: Add Tag
No Tags, Be the first to tag this record!

MARC

LEADER 00000nam a2200000 4500
001 0183262
005 20240822101656.3
041 0 |a slo 
044 |a SK 
245 1 0 |a Leasingové financovanie dlhodobého majetku v procese makroekonomických štrukturálnych zmien po vstupe SR do EÚ  |b záverečné hodnotenie interného grantu č. 300016/06 : doba riešenia 1/2006 - 12/2007  |c vedúci projektu: Eva Gazdagová ; oponenti: Gizela Horňáková, Ľubica Pavlová 
264 1 |a Košice  |c 2008 
300 |a [8 s.] 
100 1 |a Gazdagová, Eva, 1957- 
700 1 |a Bobáková, Viktória 
700 1 |a Simonidesová, Jana, 1968- 
700 1 |a Mačejová, Svetlana 
700 1 |a Zoričáková, Viera, 1960- 
700 1 |a Kostková, Albína, 1951- 
700 1 |a Polončák, Milan 
700 1 |a Šrámeková, Božena 
700 1 |a Karchová, Magdaléna, 1981-